000 00596nam a2200229Ia 4500
003 OSt
005 20220923221738.0
006 a|||||r|||| 00| 0
007 ta
008 220922b |||||||| |||| 00| 0 hin d
024 _a199,724
037 _cTextual
040 _aARTS
_cARTS
_bhin
041 _2hin
_ahin
082 _aQ22;223, 152G7
100 _aलल्लूलाल
_9156277
245 0 _aप्रेम सागर
246 _aPrem sāgara
260 _c1986
942 _hQ22;223, 152G7
_cTEXL
_2CC
999 _c351463
_d351463